00746nam a2200217Ii 45000010005000000030009000050080041000140400033000550410008000880820012000961000026001082450037001342640059001713000012002303360026002423370028002683380027002969400050003239990017003739520138003906927CO-ViMGA241108s9999||||xx |||||||||||||| ||und|| aCO-ViMGAbspaerdacCO-ViMGA0 aunk04a880-N441 aWilhelm Nestle95726910aHistoria de la literatura griega 1a[Lugar de publicación no identificado] : Labor, 1951 avolumen atextbtxt2rdacontent aunmediatedbn2rdamedia avolumebnc2rdacarrier aidficha_siabuc: 6769. -- ficha_no_siabuc:6927 c55616d55616 001040708001aMEVIGERRbMEVIGERRcGENd2006-11-27hVol.1o880-N44pECA6660r2024-11-26 10:51:37tEj.1w2024-11-26yBKz6769 | 9518